000 004460000a22001690004500
003 MACL
005 20160102145320.0
008 160102b xxu||||| |||| 00| 0 eng d
040 _aMACL
_cMACL
041 _aEnglish
082 _a800/REN
100 _aRenou, Prof Louis
_927212
245 _aThe Influence of Indian thought on French Literature
260 _bThe Adyar Library
_c1948
650 _aLiterature
_927213
942 _cBK
_k800/REN
_2ddc
999 _c38427
_d38427